00751nam a2200205Ia 450000500170000000800410001702000150005808200190007310000310009224501410012325000110026430000270027550000420030265000420034426400360038633600270042233700330044933800280048204000350051020220317000056.0141031s9999 xx 000 0 und d a9589710271 a305.9745bM19c10aMayor Mora, Alberto, 1945-10aCabezas duras y dedos inteligentes : estudio de vida y cultura técnica de los artesanos colombianos del siglo XIX c Albert Mayor Mora a2a ed. a222 páginas c19 cm. aIncluye referencias bibliográficas.14aArtesanos 2LEMBxHistoriazColombia  aMedellín bHombre Nuevoc2003 atextobtxt2rdacontent asin mediaciónbn2rdamedia avolumenbnc2rdacarrier aCO-BoRNBPbspaerdacCO-BoRNBP